000
00254nam a22001097a 4500
999
_c
4412
_d
4412
008
250217b ||||| |||| 00| 0 eng d
020
_a
9781789893892
082
_a
032
100
_a
ADAM HIBBERT
_e
AUTHOR
245
_a
100 FACTS WORLD WONDERS
942
_2
ddc